Clubes de las 5 grandes ligas - Estadísticas

Estadísticas generales
  • Esta prueba ha sido intentada 329 veces
  • La puntuación promedio es 68 de 98
Estadísticas de respuestas
Imagen Respuesta % Correcto
Bayern Munich
90%
Borussia Dortmund
90%
Barcelona
86%
Sevilla
86%
Atlético de Madrid
85%
Real Madrid
85%
Arsenal
84%
Milan
84%
Osasuna
84%
Real Betis
84%
Roma
84%
Valencia
84%
Villarreal
84%
Athletic Club Bilbao
83%
Inter
83%
Liverpool
83%
Manchester United
83%
Paris Saint-Germain
83%
Rayo Vallecano
83%
Real Sociedad
83%
Chelsea
82%
Getafe
82%
Juventus
82%
Manchester City
82%
Olympique Lyonnais
82%
Cádiz
81%
Girona
81%
Mallorca
81%
Mónaco
81%
Olympique de Marsella
81%
Schalke 04
80%
Aston Villa
79%
Celta de Vigo
79%
Espanyol
79%
Leipzig
79%
Elche
78%
Lazio
78%
Almería
77%
Everton
77%
Nápoles
77%
Newcastle United
77%
Union Berlin
77%
Atalanta
75%
Fiorentina
75%
Torino
75%
West Ham United
75%
Bayer Leverkusen
74%
Brighton
73%
Nantes
73%
Tottenham Hotspur
72%
Leeds United
71%
LOSC Lille
71%
Real Valladolid
71%
Wolverhampton Wanderers
71%
Fulham
70%
Crystal Palace
69%
Wolfsburg
69%
Leicester City
67%
Nottingham Forest
67%
Köln
66%
Sampdoria
66%
Hertha Berlin
65%
Sassuolo
65%
Udinese
64%
Brentford
63%
Hoffenheim
62%
Southampton
62%
Stade Rennais
62%
Stuttgart
62%
Lens
60%
Werder Bremen
60%
Borussia Mönchengladbach
59%
Hellas Verona
59%
Mainz 05
59%
Bolonia
58%
Bochum
56%
Bournemouth
56%
Eintracht Frankfurt
56%
Lecce
56%
Montpellier
56%
Nice
56%
Empoli
54%
Monza
53%
Toulouse
53%
Stade Reims
51%
Freiburg
49%
Lorient
49%
Salernitana
49%
Stade Brest
48%
Ajaccio
47%
Angers
47%
Augsburg
47%
Auxerre
47%
Spezia
44%
Strasbourg
42%
Cremonese
38%
Troyes
38%
Clermont Foot 63
36%
No se encontraron pruebas coincidentes
Distribución de puntuación
Porcentaje de gente con cada puntuación
Porcentaje por número respondido
Historial de tus puntuaciones
No has intentado esta prueba.